[Event "Oravska Priehrada op"]
[Site "Namestovo"]
[Date "2017.08.26"]
[Round "2"]
[White "Komlos, Jan"]
[Black "Babjarcik, Tobias"]
[Result "1-0"]
[WhiteElo "1641"]
[BlackElo "1093"]
[PlyCount "99"]
[EventDate "2017.08.25"]
[EventType "swiss"]
[EventRounds "7"]
[EventCountry "SVK"]
[SourceTitle "CBM 180 Extra"]
[Source "ChessBase"]
[SourceDate "2017.10.06"]
[SourceVersion "1"]
[SourceVersionDate "2017.10.06"]
[SourceQuality "1"]

1. d4 d5 2. c4 dxc4 3. Nc3 Nc6 4. Nf3 e6 5. e4 Nf6 6. Bxc4 Bb4 7. Bg5 h6 8. Bh4 0-0 9. e5 g5 10. Nxg5 Qxd4 11. Qxd4 Nxd4 12. 0-0-0 Nf5 13. Nf3 Nxh4 14. Nxh4 Bxc3 15. bxc3 Ng4 16. Rde1 Nxf2 17. Rhf1 Ng4 18. h3 f6 19. hxg4 fxe5 20. Rxf8+ Kxf8 21. Rxe5 Bd7 22. Ng6+ Kf7 23. Nf4 Re8 24. Rh5 b5 25. Bb3 c6 26. Rxh6 c5 27. c4 e5 28. cxb5+ Kg7 29. Rg6+ Kh7 30. Bc2 exf4 31. Rd6+ Kh8 32. Rxd7 Re2 33. a4 Rxg2 34. Bf5 Ra2 35. Rxa7 f3 36. Rh7+ Kg8 37. Rh3 f2 38. Rf3 Ra1+ 39. Bb1 Rxa4 40. g5 Rb4 41. Rxf2 Rxb5 42. g6 Rb8 43. Rf7 Rc8 44. Rd7 c4 45. Bf5 Kh8 46. Rh7+ Kg8 47. Bxc8 Kf8 48. Bd7 c3 49. Rf7+ Kg8 50. Be6 1-0

[Event "Oravska Priehrada op"]
[Site "Namestovo"]
[Date "2017.08.26"]
[Round "3"]
[White "Komlos, Jan"]
[Black "Soural, Karel"]
[Result "0-1"]
[WhiteElo "1641"]
[BlackElo "1950"]
[PlyCount "67"]
[EventDate "2017.08.25"]
[EventType "swiss"]
[EventRounds "7"]
[EventCountry "SVK"]
[SourceTitle "CBM 180 Extra"]
[Source "ChessBase"]
[SourceDate "2017.10.06"]
[SourceVersion "1"]
[SourceVersionDate "2017.10.06"]
[SourceQuality "1"]

1. d4 d5 2. c4 e6 3. Nc3 Nf6 4. Bg5 Nbd7 5. cxd5 exd5 6. Nxd5 Nxd5 7. Bxd8 Bb4+ 8. Qd2 Bxd2+ 9. Kxd2 Kxd8 10. e3 N7f6 11. Nf3 Ne4+ 12. Ke2 Be6 13. Ne5 f6 14. Nd3 f5 15. f3 Nd6 16. Nc5 Bc8 17. e4 fxe4 18. fxe4 Nf4+ 19. Ke3 Ne6 20. Nb3 Re8 21. Bd3 Nxe4 22. Bxe4 Ng5 23. Nd2 Nxe4 24. Nxe4 Bf5 25. Kf4 Bxe4 26. Rhe1 Bd5 27. Re5 Rxe5 28. dxe5 Ke7 29. Re1 Bxa2 30. Rc1 c6 31. Rc3 Bd5 32. Rg3 g6 33. Rh3 Rf8+ 34. Kg3 0-1

[Event "Tatry op"]
[Site "Tatranske Zruby"]
[Date "2013.10.02"]
[Round "5"]
[White "Komlos, Jan"]
[Black "Mozna Hojdarova, Eva"]
[Result "1/2-1/2"]
[WhiteElo "1671"]
[BlackElo "1928"]
[PlyCount "31"]
[EventDate "2013.09.29"]
[EventType "swiss"]
[EventRounds "9"]
[EventCountry "SVK"]
[SourceTitle "EXT 2023"]
[Source "ChessBase"]
[SourceDate "2022.10.05"]
[SourceVersion "1"]
[SourceVersionDate "2022.10.05"]
[SourceQuality "1"]

1. d4 d5 2. c4 c6 3. cxd5 cxd5 4. Nc3 Nf6 5. Nf3 Nc6 6. h3 g6 7. Bf4 Bg7 8. e3 0-0 9. Bb5 Bd7 10. 0-0 Rc8 11. Rc1 Qb6 12. Qe2 a6 13. Bd3 Qa5 14. a3 e6 15. Bd6 Rfe8 16. Ne5 1/2-1/2

[Event "SVK-ch Seniors-B"]
[Site "Tatranske Matliare"]
[Date "2010.06.??"]
[Round "6"]
[White "Hanzluvka, Peter"]
[Black "Komlos, Jan"]
[Result "1-0"]
[WhiteElo "1956"]
[BlackElo "1728"]
[PlyCount "73"]
[EventDate "2010.06.06"]
[EventType "swiss"]
[EventRounds "9"]
[EventCountry "SVK"]
[SourceTitle "EXT 2023"]
[Source "ChessBase"]
[SourceDate "2022.10.05"]
[SourceVersion "1"]
[SourceVersionDate "2022.10.05"]
[SourceQuality "1"]

1. e4 c5 2. Nf3 Nc6 3. d4 cxd4 4. Nxd4 e6 5. Nc3 Bb4 6. Ndb5 d6 7. a3 Ba5 8. Nxd6+ Ke7 9. Nxc8+ Rxc8 10. Qxd8+ Rxd8 11. Bd2 Nd4 12. 0-0-0 Nf6 13. f3 Bb6 14. Nb5 Nc6 15. Be2 a6 16. Nc3 Rd7 17. f4 Rhd8 18. e5 Ne8 19. Bd3 g6 20. Ne4 f6 21. Rhf1 f5 22. Ng5 h6 23. Nf3 Bc5 24. Nh4 Kf7 25. Rf3 Nc7 26. h3 h5 27. Be3 Be7 28. g3 Bxh4 29. gxh4 Nd5 30. Bd2 b5 31. Rg3 Nc7 32. Rdg1 Rg8 33. Be2 Rdd8 34. Rc3 Nd4 35. Rxc7+ Ke8 36. Bxh5 Kf8 37. Bb4+ 1-0

[Event "SVK-ch Seniors-B"]
[Site "Tatranske Matliare"]
[Date "2010.06.??"]
[Round "8"]
[White "Ivanic, Pavol"]
[Black "Komlos, Jan"]
[Result "1-0"]
[WhiteElo "1506"]
[BlackElo "1728"]
[PlyCount "128"]
[EventDate "2010.06.06"]
[EventType "swiss"]
[EventRounds "9"]
[EventCountry "SVK"]
[SourceTitle "EXT 2023"]
[Source "ChessBase"]
[SourceDate "2022.10.05"]
[SourceVersion "1"]
[SourceVersionDate "2022.10.05"]
[SourceQuality "1"]

1. c4 c6 2. Nc3 Nf6 3. g3 g6 4. Bg2 Bg7 5. d4 d5 6. cxd5 Nxd5 7. e4 Nf6 8. Nge2 0-0 9. 0-0 Be6 10. Re1 Qd7 11. f3 Rd8 12. Be3 Na6 13. Rc1 Rac8 14. Nf4 Bh6 15. Nxe6 Bxe3+ 16. Rxe3 fxe6 17. Rd3 Nb4 18. Rd2 c5 19. a3 Na6 20. d5 exd5 21. Nxd5 Kf7 22. Rcc2 Nxd5 23. Rxd5 Qc7 24. Rcd2 Rxd5 25. Rxd5 Ke8 26. Bh3 Rd8 27. Qa4+ Kf8 28. Qc4 Rd6 29. Rxd6 Qxd6 30. Qd5 Qxd5 31. exd5 Nc7 32. Bc8 b6 33. Bb7 Kf7 34. f4 Ne8 35. Kf2 Kf6 36. Bc6 Nd6 37. b3 a5 38. a4 Nf5 39. Bb5 e5 40. dxe6 Kxe6 41. Bc4+ Kd6 42. Kf3 Kc6 43. Kg4 Ne3+ 44. Kg5 Nxc4 45. bxc4 b5 46. axb5+ Kc7 47. g4 a4 48. f5 a3 49. f6 a2 50. f7 a1Q 51. f8Q Qe5+ 52. Kh6 Qxh2+ 53. Kg7 Kb6 54. Qf6+ Ka5 55. Qd8+ Kb4 56. b6 Kxc4 57. Qg8+ Kd3 58. Qd5+ Ke2 59. Qe4+ Kd2 60. Qd5+ Ke1 61. Qxc5 h5 62. Qc1+ Kf2 63. Qd2+ Kg1 64. Qxh2+ Kxh2 1-0

[Event "SVK-ch Seniors-B"]
[Site "Tatranske Matliare"]
[Date "2010.06.??"]
[Round "7"]
[White "Komlos, Jan"]
[Black "Soldan, Jan"]
[Result "1-0"]
[WhiteElo "1728"]
[BlackElo "1946"]
[PlyCount "87"]
[EventDate "2010.06.06"]
[EventType "swiss"]
[EventRounds "9"]
[EventCountry "SVK"]
[SourceTitle "EXT 2023"]
[Source "ChessBase"]
[SourceDate "2022.10.05"]
[SourceVersion "1"]
[SourceVersionDate "2022.10.05"]
[SourceQuality "1"]

1. d4 Nf6 2. c4 g6 3. Nc3 Bg7 4. e4 d6 5. Nf3 0-0 6. Be2 Nbd7 7. 0-0 e5 8. Be3 a5 9. a4 b6 10. Qc2 h6 11. Rad1 Ng4 12. Bc1 exd4 13. Nxd4 Nc5 14. h3 Nf6 15. f4 Qe8 16. Bf3 Bb7 17. Rde1 Nfxe4 18. Ndb5 Bxc3 19. Nxc3 f5 20. Nxe4 Nxe4 21. b3 Qe7 22. Bb2 Rae8 23. Re3 Kh7 24. g3 Rf7 25. Rfe1 Qe6 26. Qd3 Rfe7 27. Qd4 Qf7 28. Kh2 Re6 29. Ba1 Qg8 30. g4 R8e7 31. gxf5 gxf5 32. Rg1 Qf8 33. Bxe4 Bxe4 34. Reg3 h5 35. Rg5 Kh6 36. Qd1 Qe8 37. Rg8 Qd7 38. Rh8+ Rh7 39. Rxh7+ Kxh7 40. Qxh5+ Rh6 41. Qg5 Qf7 42. Qd8 Rxh3+ 43. Kxh3 Qh5+ 44. Qh4 1-0